000 00505nam a2200145 i 4500
001 63756
003 ES-MaACL
005 20230906164948.0
007 t|
008 031216s1918 mx ||||1| spa d
100 1 _aFerreira, Jesús M.
_950371
245 1 0 _aInforme que rinde al C. Venustiano Carranza, presidente de los Estados Unidos Mexicanos para el C. General Gobernador provisional del Estado del Nayarit /
_cJesús M. Ferreira.
260 _aMéxico :
_b[s.n.,
_c1918]
852 _aES-MaACL
_j1596-F-1
999 _c63756
_d63756